[Event "St Petersburg-ch"]
[Site "St Petersburg"]
[Date "2001.04.12"]
[Round "3"]
[White "Polaninov, Aleksy"]
[Black "Lugovoi, Aleksei"]
[Result "1-0"]
[WhiteElo "2359"]
[BlackElo "2512"]
[Annotator "Tsesarsky,I"]
[PlyCount "103"]
[EventDate "2001.04.10"]
[EventType "tourn"]
[EventRounds "11"]
[EventCountry "RUS"]
[EventCategory "9"]
[SourceTitle "CBM 083"]
[Source "ChessBase"]
[SourceDate "2001.07.05"]
[SourceVersion "1"]
[SourceVersionDate "2001.07.05"]
[SourceQuality "1"]

1. e4 {Solozhenkin} d6 2. d4 Nf6 3. Nc3 g6 4. Nf3 Bg7 5. Be2 O-O 6. O-O c5 7.
d5 Na6 8. Re1 Nc7 9. Bf4 (9. a4 $5 {Solozhenkin}) 9... Rb8 {[%cal Gb7b5]
Except of this natural move Black has played:} (9... b5 10. Nxb5 (10. Bxb5 $2
Nh5) 10... Nxe4 11. Bc4 (11. c3 Nf6 12. Nxc7 Qxc7 13. c4 Rb8 14. Rb1 Nh5 15.
Bc1 Qa5 $132 {1-0 Enneper,E-Weber,D/Germany 1993/EXT 97-B (45)}) 11... Nf6 12.
Nxc7 Qxc7 13. h3 (13. c3 Re8 14. h3 Rb8 15. Re2 Nd7 16. Qd2 Nb6 17. Bb5 Bd7 18.
Bxd7 Qxd7 19. Bh6 $11 {0-1 Wade,R-Szabo,L/Havana 1965/MCD (39)}) 13... Re8 (
13... Rb8 {Solozhenkin} 14. Rb1 Re8 $132 {preparing manouver Nf6-d7-b6.}) 14.
Rb1 a5 15. Qd2 Qb6 16. Re3 $14 {1-0 Tal,M-Speelman,J/Reykjavik 1988/CBM 10 (34)
}) (9... Nh5 10. Be3 e5 11. Nd2 (11. dxe6 Bxe6 12. Qd2 Qe7 13. Rad1 Rfd8 14.
Ng5 $14 {0-1 Cox,J-Nicholson,J/London 1985/MCL (33)}) 11... Nf4 12. Bf1 $14) (
9... Bg4 10. h3 (10. Nd2 Bxe2 11. Qxe2 b5 12. a4 (12. Rad1 Qd7 13. Nf3 b4 14.
Nb1 Nh5 15. Bc1 Qa4 16. Qc4 Nf6 17. Nbd2 Nd7 $132 {0-1 Djurkovic,M-Mathe,G/
Werfen 1996/EXT 2000 (52)}) 12... b4 13. Nd1 e6 14. dxe6 Nxe6 15. Bg3 d5 $11 {
1/2-1/2 Von Herman,U-Niklasch,O/Germany 1989/EXT 97-B (61)}) 10... Bxf3 11.
Bxf3 $14 {^^, ()}) (9... a6 10. a4 Bd7 11. e5 (11. a5 Nb5 12. Na4 Qxa5 13. Nxc5
Qc7 14. Nxd7 Nxd7 15. c3 $14 {1-0 Rohrbach,F-Amelang,T/Bayern 1993/EXT 99 (26)}
) 11... Nh5 12. Be3 {-see commented game 1-0 Gelfand,B-Polgar,J/Amsterdam 1989/
CBM 15/[ChessBase] (42)}) 10. a4 b6 $5 {[%cal Ga7a6,Gb6b5] This move's idea is
to prepare a7-a6 and b6-b5.} ({In case of} 10... a6 {White has at least two
good continuations:} 11. e5 (11. a5 {[%csl Rb7][%cal Ga5b6]} b5 12. axb6 Rxb6
13. Ra2 e5 14. dxe6 (14. Bg5 $14) 14... Bxe6 15. b3 $14 {1/2-1/2 Duer,W-Stanec,
N/AUT 1998/EXT 2000 (26)}) 11... Nfe8 12. a5 b5 13. axb6 Rxb6 14. Ra2 Rb4 15.
Bg3 Bg4 16. h3 Bxf3 17. Bxf3 $14 {0-1 Kottnauer,C-Keene,R/Hastings 1968/EXT 99
(41)}) 11. Qd2 {Solozhenkin: 'A new move which seems to be more logical than
11.Bf1 played before.'} ({Doesn't give nothing} 11. e5 $6 Nh5 $1 12. exd6 ({
and White can't play} 12. Be3 $2 {because Pc5 is protected!}) 12... Nxf4 (12...
exd6 13. Bg5 Bf6 $132) 13. dxc7 (13. dxe7 Qxe7 14. d6 Qd8 15. dxc7 Qxc7 16. Nb5
$11) 13... Qxc7 $11) 11... Bb7 12. Bh6 $14 {White keeps space advantage, his
position must be prefered.  '?!' Solozhenkin. Solozhenkin: 'e7-e6 should be
Black's plan, so it was better for White still to keep pressure on d6.'} (12.
a5 {Solozhenkin} b5 (12... bxa5 $6 {Solozhenkin} 13. Bc4 $14 (13. Rxa5 $2 {
Solozhenkin} Ncxd5 14. Nxd5 Nxe4 15. Qd3 Qxa5 16. Qxe4 e6 $19)) 13. Bxb5 Nxb5
14. Nxb5 Bxd5 15. exd5 Rxb5 $132) (12. h3 $5 {Solozhenkin} a6 13. Rab1 Re8 14.
b4 $14) 12... a6 13. Bxg7 Kxg7 14. Rab1 $5 {[%cal Gb2b4]} (14. Rad1 {would
meet by} b5 (14... Qd7 15. h3 b5 16. axb5 axb5 17. e5 $1 $14) 15. axb5 axb5 16.
Bxb5 (16. Nxb5 Nxe4 $15) 16... Nxb5 17. Nxb5 Ba6 18. Nc3 Rxb2 19. Rb1 Rxb1 20.
Rxb1 Qc7 $11 {and Black equalizes.}) ({Worth of attention} 14. Bd3 Qd7 15. h3
$5 $14 (15. Qg5 h6 16. Qg3 Qg4 $132)) 14... e6 15. dxe6 Nxe6 {[%csl Re4][%cal
Gf6e4,Gb7e4] '?!' Solozhenkin.} (15... fxe6 {Solozhenkin} 16. e5 (16. Rbd1 $5 {
Solozhenkin} d5 17. e5 Nd7 18. Bd3 $13) 16... dxe5 17. Qxd8 Rbxd8 18. Nxe5 Ncd5
$11 (18... Rd2 $6 {Solozhenkin} 19. Nc4)) 16. Bc4 {[%csl Ge4][%cal Gb1d1]} Nc7
17. b4 $1 (17. Rbd1 b5 18. axb5 axb5 19. Ba2 b4 20. Nd5 Nfxd5 21. exd5 Ra8 $132
) 17... b5 (17... Re8 18. Ng5 {[%csl Rf7][%cal Gc4f7,Gg5f7]} d5 19. Nxd5 Nfxd5
20. exd5 Rxe1+ 21. Rxe1 Bxd5 22. Rd1 h6 23. Nxf7 $1 Kxf7 24. Bxd5+ Nxd5 25. b5
$1 $16 {[%csl Rd5,Rf7]}) 18. axb5 axb5 19. Bf1 {[%csl Rb5]} c4 {[%csl Rb5,Rc4,
Gd4] Black concedes the important central square d4.  '?' Solozhenkin.
Solozhenkin: 'A serious mistake which leads to worse position without any real
counterplay. '} (19... Re8 20. Qf4 (20. bxc5 dxc5 21. Qxd8 Rbxd8 22. e5 Nd7 23.
Nxb5 Nxb5 24. Bxb5 Bxf3 25. Bxd7 Rxd7 26. gxf3 Rde7 27. f4 f6 $11) 20... Ne6
21. Qh4 cxb4 (21... Bc6 {Solozhenkin} 22. Rbd1 (22. e5 {Solozhenkin} Nd5 23.
Qxd8 Rexd8 24. Nxd5 Bxd5 25. bxc5 (25. exd6 {Solozhenkin} c4) 25... dxc5) 22...
cxb4 23. Nd5 Bxd5 24. exd5 Nc7 25. Rxe8 Qxe8 26. Qxb4 Ncxd5 $11) 22. Rxb4 Nc5
23. Bd3 $14 {[%csl Rb5]} (23. e5 dxe5 24. Rxe5 Rxe5 25. Nxe5 Qc7 $11)) 20. Nd4
d5 (20... Ba8 21. g3 $14) 21. e5 Ne4 22. Qe3 {'+/-' Solozhenkin.} (22. Nxe4
dxe4 23. Rbd1 Qe7 24. Qc3 Rbd8 (24... Nd5 25. Qg3 Qxb4 26. e6 Qc3 27. Qe5+ $14)
25. Qg3 f5 26. exf6+ Rxf6 27. c3 $14) 22... Nxc3 23. Qxc3 Ne6 $2 $16 (23... Re8
24. Qg3 $14) 24. g3 $5 ({A clear advantage White gets after} 24. Nxb5 $1 d4 25.
Qg3 Bxg2 26. Bxc4 (26. Qxg2 Rxb5 27. Bxc4 Rb6 28. Qg4 $16) 26... Bd5 27. Bd3
$16 {[%cal Gb5d6]}) 24... Qb6 25. Rbd1 {Black hasn't any counterplay.} Ra8 $5 (
25... Nxd4 26. Rxd4 Rbe8 27. e6 $1 (27. Bh3 f6 28. e6 Re7 $11) 27... Rxe6 28.
Rxc4+ Kg8 29. Rc5 Bc6 30. Rxe6 fxe6 31. Qe5 $16) (25... Rbd8 {Solozhenkin} 26.
Qe3 Kg8 27. Bg2 f6 28. Nxe6 Qxe6 29. Qd4 $16) 26. Qe3 Nxd4 27. Rxd4 Ra2 28. c3
Rfa8 29. h4 $5 ({Can be recommended} 29. e6 $5 Qxe6 30. Qxe6 fxe6 31. Rxe6 {
and Black will suffer in the endgame:} R8a7 32. Re7+ Kg8 33. Bh3 $16) 29... Ra1
{One pair of RR exchange is not facilitates Black's situation.} ({Interesting
was} 29... Qe6 $5 {[%csl Ge6][%cal Ge5e6] with Pe5 blockade.} {Nevertheless,
White keeps serious advantage:} 30. h5 $1 R8a3 (30... gxh5 31. Rf4 Kh8 32. Rf6
Qe7 33. Qf4 Kg8 34. Qg5+ Kh8 35. Qxh5 Kg7 36. Rh6 $18) 31. h6+ Kf8 32. Rf4 $16)
(29... h5 {Solozhenkin} 30. Bh3 $16) (29... h6 {Solozhenkin} 30. Bh3 $16) 30.
h5 Rxe1 31. Qxe1 Qe6 {[%csl Re5][%cal Ga8e8]} (31... g5 {Solozhenkin} 32. Qe3
h6 33. Bh3 Re8 34. Kh2 {following by f2-f4}) (31... gxh5 {Solozhenkin} 32. Bh3
Re8 33. Qe3 Qc6 34. Kh2 h6 35. f4 Ra8 36. f5 Ra2+ 37. Bg2 {following by e5-e6})
32. Qe3 $1 {White is ready to sacrifice Pe5.} Re8 33. h6+ Kg8 34. Rf4 $1 (34.
f4 $2 f6 $17) (34. Bg2 $6 {Solozhenkin} Qxe5 35. Bxd5 Qxe3 36. fxe3 Ba8 37.
Bxa8 Rxa8 38. Rd5 Kf8 39. Rxb5 Ra3 $132) 34... g5 $2 $18 {Decisive mistake.
The endgame is hopeless. '?' Solozhenkin.} ({Right was} 34... Qxe5 35. Qb6 (35.
Qxe5 $2 Rxe5 36. Rf6 Re6 37. Rxe6 fxe6 38. f4 Kf7 39. Kf2 g5 $17) 35... Ba8 36.
Qxb5 Qe6 37. Bg2 $16 {[%csl Ra8,Rd5,Rg8]} (37. Rf6 Qe5 (37... Qe4 {Solozhenkin}
38. Qd7 Rf8 39. Ra6 d4 40. Rxa8 Rxa8 41. Bxc4 Rf8 $13) 38. Rb6 $16 {[%csl Ra8,
Rd5,Rg8]}) (37. Rd4 {Solozhenkin the position is clearly better for White.}))
35. Rf6 Qxe5 36. Qxe5 Rxe5 37. Rb6 {Solozhenkin: 'Rook vs bishop ending is
easily winnig. The h6-pawn redouble troubles of Black.'} Re7 (37... Bc8 38. Rb8
Re8 39. Bh3 Bd7 40. Rxe8+ Bxe8 41. f4 f6 42. Kf2 Kf8 43. Ke3 Ke7 (43... Bg6 44.
Kd4 Be4 45. Bd7 $18) 44. Kd4 Kd6 45. Bf5 $18) 38. Bg2 {'!' Solozhenkin.} (38.
Rxb5 Kf8 39. Bg2 $18) 38... Kf8 39. Rxb5 {'+-' Solozhenkin.} Rd7 (39... Bc6 40.
Rc5 Re1+ 41. Kh2 Re6 {[%csl Rh6]} 42. Bxd5 Rxh6+ 43. Kg2 Bxd5+ 44. Rxd5 $18 {
[%csl Rc4,Rg5][%cal Gd5c5]}) 40. Bh3 Rc7 (40... Re7 41. Bf5 f6 42. f4 $18) 41.
Bf5 f6 42. f4 {Black is totally paralysed.} gxf4 43. gxf4 Re7 (43... d4 {
Solozhenkin} 44. cxd4 c3 45. Rc5 $18) 44. Rc5 Ke8 45. Kf2 d4 {Despair.} ({
If Black waits - White has a simple winning plan:} 45... Kd8 46. b5 Ke8 47. b6
Kd8 48. Rc7 $1 Rxc7 49. bxc7+ Kxc7 50. Bxh7 $18) 46. Rxc4 ({Or} 46. cxd4 Be4
47. Rc8+ Kf7 48. Bxe4 Rxe4 49. Rxc4 Rxf4+ 50. Ke3 $18 {[%csl Rh7][%cal Gb4b8]})
46... dxc3 47. b5 Bh1 48. Rc8+ Kf7 49. b6 Bb7 50. Rc7 Rxc7 51. bxc7 Ke7 52. Ke3
1-0

[Event "Clichy"]
[Site "Clichy"]
[Date "2001.06.26"]
[Round "2"]
[White "Hebden, Mark"]
[Black "Degraeve, Jean Marc"]
[Result "1-0"]
[WhiteElo "2560"]
[BlackElo "2589"]
[Annotator "Tsesarsky,I"]
[PlyCount "131"]
[EventDate "2001.06.25"]
[EventType "tourn"]
[EventRounds "9"]
[EventCountry "FRA"]
[EventCategory "14"]
[SourceTitle "CBM 085"]
[Source "ChessBase"]
[SourceDate "2001.11.13"]
[SourceVersion "1"]
[SourceVersionDate "2001.11.13"]
[SourceQuality "1"]

1. d4 Nf6 2. Nf3 c5 3. d5 b5 4. Bg5 Ne4 5. Bf4 Bb7 (5... Qa5+ {-another
mainline.}) 6. a4 ({Worth of attention} 6. Qd3 $5 Qa5+ {-another popular
continuation, see commented game 1-0 Gulko,B-Rogers,I/Biel 1993/CBM 37[Stohl,I]
(40)}) 6... Qa5+ $6 $14 ({Black solves his opening problems by} 6... Nf6 $1 {
[%csl Rd5][%cal Gf6d5,Gb7d5] -can be recommended.} 7. e4 $5 (7. axb5 Nxd5 $132)
7... Nxe4 8. axb5 e6 9. Bc4 Bd6 10. Nbd2 (10. Be3 O-O $132) 10... Nxf2 $1 11.
Kxf2 Bxf4 12. Nb3 Bc7 13. Qd3 O-O 14. Rhe1 Bb6 15. Kf1 a6 16. bxa6 Bxd5 17.
Bxd5 exd5 18. Qxd5 Rxa6 19. Nxc5 $132 {1-0 Chatalbashev,B-Degraeve,J/Ohrid MKD
2001/The Week in Chess 344 (29)}) 7. Nbd2 (7. c3 $6 f5 8. e3 b4 9. Ne5 (9. Bc4
$5) 9... g6 10. Nc4 Qd8 11. Be2 Bg7 12. Be5 $132 {0-1 Fominyh,A-Sermek,D/Saint
Vincent ITA 2001/The Week in Chess 327 (38)}) 7... Bxd5 (7... Nxd2 8. Nxd2 Bxd5
9. axb5 Qd8 10. e4 Bb7 11. Bd3 g6 12. Nb3 Qb6 13. Na5 $14 {1/2-1/2 Fominyh,
A-Medvegy,Z/Cairo EGY 2001/The Week in Chess 339 (106)}) 8. axb5 {[%csl Ra7]
[%cal Ga1a7] Black captured central Pd5, but White took on b5 with a-line
opening. Pa7 became weakness: White will put pressure by RR and Q on the
a-line.} Qd8 $2 $16 {Bad novelty} (8... Qb6 $142 $14 9. Ra4 {[%csl Ra7][%cal
Ga4a7,Gd1a1]} (9. Nxe4 Bxe4 10. Nd2 Bb7 11. e4 d6 12. Nc4 Qd8 13. e5 $14 {
1-0 Stohl,I-Blodstein,A/Pardubice 1992/EXT 2000 (23)}) 9... Nxd2 10. Nxd2 Bb7 (
10... c4 $2 11. e4 Qxb5 12. Qa1 Bc6 13. Rxa7 Rxa7 14. Qxa7 e5 15. Bxc4 Qxb2 16.
O-O $18 {1-0 Yrjola,J-Nyysti,S/Helsinki 2000/CBM 77 ext (23)}) 11. e4 $14) 9.
Ra4 $1 Nxd2 (9... Nf6 10. e4 Bb7 11. Qa1 $16 {[%csl Ra7][%cal Ga1a7]}) 10. Nxd2
d6 ({Or} 10... Bb7 11. e4 d5 12. exd5 Qxd5 13. Qa1 e5 14. Be3 $16) 11. e4 Bb7
12. Qa1 {[%csl Ra7][%cal Ga1a7]} e5 13. Bg5 $5 {Except of this move, White can
play also:} (13. Be3 Nd7 14. Rxa7 $16) (13. Rxa7 Nd7 (13... Bxe4 14. Nxe4 Rxa7
15. Qxa7 exf4 16. b6 $18 {[%cal Gf1b5]}) 14. Be3 Be7 15. Rxa8 Bxa8 16. Bd3 $16
{and White leaves with advantage in all variations.}) 13... Be7 (13... Qxg5 $2
14. Rxa7 $18 {[%csl Yb5,Rb7,Rb8,Re8][%cal Gb5b6]}) (13... f6 14. Rxa7 $16) 14.
Bxe7 Kxe7 ({Badly is} 14... Qxe7 15. Rxa7 Rxa7 16. Qxa7 O-O 17. Nc4 $18 {
[%csl Rb7][%cal Ga7e7,Gc4a5,Ga5b7]}) 15. Bd3 ({Possible was also} 15. Rxa7 Nd7
16. Ra3 $1 Nf6 17. Bd3 d5 $1 18. b4 $1 {[%csl Re5][%cal Ga1e5]} Rxa3 19. Qxa3
c4 20. Be2 $16) 15... Nd7 16. O-O {White doesn't hurry to capture on a7.} Qb8 {
[%csl Ra7][%cal Gb8a7]} 17. Qa2 {[%csl Ra7][%cal Gf1a1,Ga1a7]} Nb6 18. Ra5 Qc7
({Or} 18... Rd8 19. Ra1 Nc8 20. Bc4 $16) 19. Ra1 Rhd8 20. Bc4 Kf8 ({White
leaves with advantage after} 20... Nxc4 21. Qxc4 d5 22. exd5 Bxd5 23. Qh4+ f6
24. Qxh7 $16) 21. c3 h6 ({Interesting looks} 21... Nxc4 22. Qxc4 d5 23. exd5
Bxd5 24. Qh4 {[%csl Ra7,Rh7][%cal Gh4d8,Gh4h7,Ga1a7]} Bxg2 $1 25. Rxa7 $1 {
Despite Black's fantasy White stands better:} Bb7 $1 26. Rxa8 Rxa8 27. Rxa8+
Bxa8 28. Qxh7 Qb7 29. f3 $16) 22. Qb1 Bc8 23. Qd3 Be6 24. Bd5 Bxd5 25. exd5 {
[%csl Ra7][%cal Gd2c4,Ga1a7]} Kg8 (25... c4 26. Qh7 Nxd5 27. Qh8+ Ke7 28. Qxg7
Nf4 (28... Rg8 29. Qxg8 $1 Rxg8 30. Rxa7 $18) 29. Ne4 $18 {[%csl Re7,Rh6][%cal
Gg7f6]}) 26. Nc4 Nc8 ({In case of NN exchange White keeps an advantage.} 26...
Nxc4 27. Qxc4 Rd7 28. h3 $16 {[%csl Ra7,Rd6][%cal Ga5a6,Ga6c6]}) 27. Ra6 Rb8
28. Na5 Rb6 29. Nc6 {White penetrates his pieces into Black's camp.} Rxa6 30.
Rxa6 Rf8 31. Nxa7 $1 Nxa7 ({Or} 31... c4 32. Qe3 $16) 32. b6 Qb7 ({In case of} 
32... c4 33. bxc7 (33. Qe3 Qb7 34. Rxa7 Qxd5 35. h3 Rb8 $132) 33... cxd3 34.
Rxa7 d2 35. Ra1 Rc8 36. Kf1 Rxc7 37. Ke2 Rc5 38. Rd1 $16 {White also keeps an
advantage.}) 33. bxa7 Ra8 34. Rxd6 Qxb2 ({Or} 34... Qxa7 35. g3 Qa1+ 36. Kg2
Qxb2 37. Rd7 $16 ({Quite well also} 37. Rc6 e4 38. Qe3 Qb1 39. Qf4 (39. Rxc5
Ra1 40. Kh3 f5 $132) 39... e3 40. Rc7 f5 41. Qe5 Qe4+ 42. Qxe4 fxe4 43. fxe3
$18)) 35. g3 Qa1+ 36. Kg2 Qxa7 37. Qf5 {[%csl Re5] Threatening Rd6-d7.} Qe7 38.
Rd7 Qe8 39. Rc7 $1 $18 {[%csl Rc5] At last White wins P and eventually the
game.} Rd8 40. Rxc5 Qe7 41. Rc8 Rxc8 42. Qxc8+ Kh7 43. c4 g6 (43... e4 44. c5
e3 45. Qf5+ g6 46. d6 Qe8 47. d7 Qe7 48. d8=Q Qxd8 49. Qxf7+ Kh8 50. fxe3 $18)
44. c5 e4 45. d6 Qf6 46. Qg4 Qd4 47. Qf4 Qd5 48. Qe3 $6 ({Wins} 48. Qf6 $1 Kg8
(48... e3+ 49. Qf3 $18) 49. h4 h5 50. Qg5 Qd3 51. Qe5 Qf3+ 52. Kg1 Qd1+ 53. Kh2
$18) 48... g5 49. h3 f5 50. Kh2 Kg6 51. Qc1 Qd4 52. Kg1 Kf7 53. c6 $1 e3 54. c7
Qd2 (54... exf2+ 55. Kf1 $18) 55. Qc4+ Kf6 56. fxe3 Qxe3+ 57. Kg2 {White K run
away from perpetuum check and White wins.} Qd2+ 58. Kf1 Qd1+ 59. Kf2 Qd2+ 60.
Qe2 Qd4+ 61. Kf1 Qa1+ 62. Kg2 Qa8+ 63. Kh2 Qc8 64. Qb2+ Kf7 65. Qb3+ Kf6 66.
Qc3+ 1-0